Social Entrepreneurs Vol.18: Mobilisers Of Social Change Mobilisers Of Social Change (Record no. 41756)
[ view plain ]
| 000 -LEADER | |
|---|---|
| fixed length control field | 00375nam a2200121Ia 4500 |
| 008 - FIXED-LENGTH DATA ELEMENTS--GENERAL INFORMATION | |
| fixed length control field | 241015s9999 xx 000 0 und d |
| 041 ## - LANGUAGE CODE | |
| Language code of text/sound track or separate title | eng |
| 082 ## - DEWEY DECIMAL CLASSIFICATION NUMBER | |
| Classification number | 338.04 CRO |
| 100 ## - MAIN ENTRY--PERSONAL NAME | |
| Personal name | Crowther David |
| 245 ## - TITLE STATEMENT | |
| Title | Social Entrepreneurs Vol.18: Mobilisers Of Social Change Mobilisers Of Social Change |
| 260 ## - PUBLICATION, DISTRIBUTION, ETC. | |
| Name of publisher, distributor, etc. | Emerald Publishing |
| Place of publication, distribution, etc. | United Kingdom |
| Date of publication, distribution, etc. | 2022 |
| 300 ## - PHYSICAL DESCRIPTION | |
| Extent | 288;. P. 22 cm |
No items available.